| 000 | 00681nam a22002297a 4500 | ||
|---|---|---|---|
| 999 |
_c13988 _d13988 |
||
| 003 | MIRAKIL | ||
| 005 | 20200826165104.0 | ||
| 008 | 200826b tu ||||| |||| 00| 0 tur d | ||
| 020 | _a975686544X | ||
| 040 |
_aTR-AnCHP _cTR-AnCHP |
||
| 041 | _atur | ||
| 082 |
_a891.744 _bK29o 2002 |
||
| 100 | _aKazakeviç, Emanuil | ||
| 245 | 1 | 0 |
_aOder kıyısında ilkbahar/ _cEmanuil Kazakeviç; çeviren: Olcay Geridönmez. |
| 250 | _a2. bs. | ||
| 260 |
_aİstanbul: _bEvrensel Basım Yayın, _c2002. |
||
| 300 |
_a447 s.: _c20sm. |
||
| 490 | 0 |
_aEvrensel Basım Yayın; _v144. |
|
| 650 | 0 |
_95112 _aRus Edebiyatı _xRoman |
|
| 700 |
_96469 _aGeridönmez, Olcay _eçev. |
||
| 942 |
_2ddc _cBKS |
||